Pays aléatoire par ville - Statistiques

Statistiques générales
  • Ce quiz a été pris 468 fois
  • Le résultat moyen est 14 sur 20
Statistiques - réponses
Hint Réponse % Correct
Kaboul Afghanistan
100%
Pretoria Afrique du Sud
100%
Alger Algérie
100%
Berlin Allemagne
100%
Munich Allemagne
100%
Hambourg Allemagne
100%
Stuttgart Allemagne
100%
Francfort-sur-le-Main Allemagne
100%
Düsseldorf Allemagne
100%
Dortmund Allemagne
100%
Aix-la-Chapelle Allemagne
100%
Andorre-la-Vieille Andorre
100%
Riyad Arabie saoudite
100%
Médine Arabie saoudite
100%
Buenos Aires Argentine
100%
Sydney Australie
100%
Brisbane Australie
100%
Gold Coast Australie
100%
Vienne Autriche
100%
Graz Autriche
100%
Innsbruck Autriche
100%
Nassau Bahamas
100%
Dhaka Bangladesh
100%
Bruxelles Belgique
100%
Anvers Belgique
100%
Bruges Belgique
100%
Liège Belgique
100%
Gand Belgique
100%
Minsk Biélorussie
100%
São Paulo Brésil
100%
Rio de Janeiro Brésil
100%
Sofia Bulgarie
100%
Bobo-Dioulasso Burkina Faso
100%
Douala Cameroun
100%
Vancouver Canada
100%
Ottawa Canada
100%
Montréal Canada
100%
Québec Canada
100%
Calgary Canada
100%
Santiago Chili
100%
Pékin Chine
100%
Shanghai Chine
100%
Wuhan Chine
100%
Hong Kong Chine
100%
Bogota Colombie
100%
Pyongyang Corée du Nord
100%
Séoul Corée du Sud
100%
Yamoussoukro Côte d'Ivoire
100%
Zagreb Croatie
100%
Split Croatie
100%
Copenhague Danemark
100%
Djibouti Djibouti
100%
Le Caire Égypte
100%
Alexandrie Égypte
100%
Port-Saïd Égypte
100%
Suez Égypte
100%
Dubaï Émirats arabes unis
100%
Quito Équateur
100%
Madrid Espagne
100%
Séville Espagne
100%
Palma de Majorque Espagne
100%
Tenerife Espagne
100%
Valence Espagne/France
100%
New York États-Unis
100%
Los Angeles États-Unis
100%
Washington D.C États-Unis
100%
Chicago États-Unis
100%
Miami États-Unis
100%
San Francisco États-Unis
100%
Houston États-Unis
100%
Las Vegas États-Unis
100%
La Nouvelle-Orléans États-Unis
100%
Detroit États-Unis
100%
Seattle États-Unis
100%
Orlando États-Unis
100%
Honolulu États-Unis
100%
Dallas États-Unis
100%
Helsinki Finlande
100%
Paris France
100%
Marseille France
100%
Lyon France
100%
Bordeaux France
100%
Toulouse France
100%
Lille France
100%
Saint-Étienne France
100%
Rennes France
100%
Strasbourg France
100%
Reims France
100%
Ajaccio France
100%
Nice France
100%
Nantes France
100%
Orléans France
100%
Libreville Gabon
100%
Banjul Gambie
100%
Tbilissi Géorgie
100%
Thessalonique Grèce
100%
Héraklion Grèce
100%
Guatemala Guatemala
100%
Bissau Guinée-Bissau
100%
Georgetown Guyana
100%
Port-au-Prince Haïti
100%
Budapest Hongrie
100%
(New) Delhi Inde
100%
Bombay Inde
100%
Surabaya Indonésie
100%
Téhéran Iran
100%
Dublin Irlande
100%
Jérusalem Israël
100%
Rome Italie
100%
Milan Italie
100%
Florence Italie
100%
Palerme Italie
100%
Venise Italie
100%
Vérone Italie
100%
Gênes Italie
100%
Bari Italie
100%
Cagliari Italie
100%
Trieste Italie
100%
Tokyo Japon
100%
Osaka Japon
100%
Okinawa Japon
100%
Fukuoka Japon
100%
Hiroshima Japon
100%
Bichkek Kirghizistan
100%
Pristina Kosovo
100%
Koweït Koweït
100%
Riga Lettonie
100%
Tripoli Libye
100%
Luxembourg Luxembourg
100%
Kuala Lumpur Malaisie
100%
Tombouctou Mali
100%
Casablanca Maroc
100%
Rabat Maroc
100%
Marrakech Maroc
100%
Mexico Mexique
100%
Acapulco Mexique
100%
Katmandou Népal
100%
Abuja Nigeria
100%
Oslo Norvège
100%
Wellington (capitale) Nouvelle-Zélande
100%
Panama Panama
100%
Amsterdam Pays-Bas
100%
Rotterdam Pays-Bas
100%
Manille Philippines
100%
Varsovie Pologne
100%
Cracovie Pologne
100%
Lisbonne Portugal
100%
Porto Portugal
100%
Madère Portugal
100%
Doha Qatar
100%
Brazzaville République du Congo
100%
Londres Royaume-Uni
100%
Manchester Royaume-Uni
100%
Liverpool Royaume-Uni
100%
Birmingham Royaume-Uni
100%
Édimbourg Royaume-Uni
100%
Newcastle upon Tyne Royaume-Uni
100%
Bristol Royaume-Uni
100%
Oxford Royaume-Uni
100%
Saint-Pétersbourg Russie
100%
Kazan Russie
100%
Novossibirsk Russie
100%
Saint-Marin Saint-Marin
100%
Kingstown Saint-Vincent-et-les-Grenadines
100%
San Salvador Salvador
100%
São Tomé São Tomé-et-Principe
100%
Dakar Sénégal
100%
Ljubljana Slovénie
100%
Stockholm Suède
100%
Göteborg Suède
100%
Malmö Suède
100%
Zurich Suisse
100%
Genève Suisse
100%
Lugano Suisse
100%
Lucerne Suisse
100%
Paramaribo Suriname
100%
Damas Syrie
100%
Alep Syrie
100%
Taïpei Taiwan
100%
Zanzibar Tanzanie
100%
N'Djaména Tchad
100%
Bangkok Thaïlande
100%
Port-d'Espagne Trinité-et-Tobago
100%
Achgabat Turkménistan
100%
Istanbul Turquie
100%
Kiev Ukraine
100%
Salto Uruguay
100%
Hô-Chi-Minh-Ville Viêt Nam
88%
Canberra Australie
86%
Nagasaki Japon
86%
Podgorica Monténégro
83%
La Mecque Arabie saoudite
80%
Brasilia Brésil
80%
Belo Horizonte Brésil
80%
Accra Ghana
80%
Cork Irlande
80%
Parme Italie
80%
Kingston Jamaïque
80%
Bamako Mali
80%
Glasgow Royaume-Uni
80%
Odessa Ukraine
80%
Prague République tchèque
78%
Namur Belgique
75%
Aalborg Danemark
75%
Gizeh Égypte
75%
Vilnius Lituanie
75%
Bucarest Roumanie
75%
Cardiff Royaume-Uni
75%
Sheffield Royaume-Uni
75%
Moscou Russie
75%
Belgrade Serbie
75%
Singapour Singapour
75%
Berne Suisse
75%
Donetsk Ukraine
75%
Caracas Venezuela
75%
Rangoon Birmanie
71%
Bologne Italie
71%
Johannesbourg Afrique du Sud
67%
Brême Allemagne
67%
Cologne Allemagne
67%
Luanda Angola
67%
Córdoba Argentine
67%
Sarajevo Bosnie-Herzégovine
67%
Yaoundé Cameroun
67%
Ürümqi Chine
67%
Guantánamo Cuba
67%
Louxor Égypte
67%
Bilbao Espagne
67%
Saragosse Espagne
67%
Malaga Espagne
67%
La Corogne Espagne
67%
Mbabane Eswatini
67%
Athènes Grèce
67%
Bagdad Irak
67%
Tel Aviv Israël
67%
Naples Italie
67%
Yokohama Japon
67%
Beyrouth Liban
67%
Tanger Maroc
67%
Fès Maroc
67%
Maputo Mozambique
67%
Christchurch Nouvelle-Zélande
67%
Islamabad Pakistan
67%
Asuncion Paraguay
67%
Utrecht Pays-Bas
67%
Eindhoven Pays-Bas
67%
Lima Pérou
67%
Wroclaw Pologne
67%
Leeds Royaume-Uni
67%
Mogadiscio Somalie
67%
Winnipeg Canada
60%
Addis-Abeba Éthiopie
60%
Honiara Îles Salomon
60%
Calcutta Inde
60%
Sapporo Japon
60%
Kobe Japon
60%
Puebla Mexique
60%
Kinshasa R.D. Congo
60%
Norwich Royaume-Uni
60%
Novi Sad Serbie
60%
Bâle Suisse
60%
Victoria (capitale) Seychelles
57%
Khartoum Soudan
57%
Sousse Tunisie
57%
Kandahâr Afghanistan
50%
Durban Afrique du Sud
50%
Tirana Albanie
50%
Erevan Arménie
50%
Darwin Australie
50%
Salzbourg Autriche
50%
Klagenfurt Autriche
50%
Bakou Azerbaïdjan
50%
Sucre Bolivie
50%
Salvador de Bahia Brésil
50%
Canton Chine
50%
Tianjin Chine
50%
Limassol Chypre
50%
Daegu Corée du Sud
50%
Philadelphie États-Unis
50%
Tampere Finlande
50%
Conakry Guinée
50%
Malabo Guinée équatoriale
50%
Bangalore Inde
50%
Pune Inde
50%
Jakarta Indonésie
50%
Medan Indonésie
50%
Mossoul Irak
50%
Ispahan Iran
50%
Turin Italie
50%
Nagoya Japon
50%
Nairobi Kenya
50%
Maseru Lesotho
50%
Kaunas Lituanie
50%
Skopje Macédoine du Nord
50%
Antananarivo Madagascar
50%
Guadalajara Mexique
50%
Tijuana Mexique
50%
Oulan-Bator Mongolie
50%
Niamey Niger
50%
Trondheim Norvège
50%
Lahore Pakistan
50%
La Haye Pays-Bas
50%
Tilbourg Pays-Bas
50%
Cuzco Pérou
50%
Lodz Pologne
50%
Gdańsk Pologne
50%
Poznań Pologne
50%
Saint-Domingue République dominicaine
50%
Brno République tchèque
50%
Timișoara Roumanie
50%
Iekaterinbourg Russie
50%
Nijni Novgorod Russie
50%
Kigali Rwanda
50%
Castries Sainte-Lucie
50%
Freetown Sierra Leone
50%
Maribor Slovénie
50%
Douchanbé Tadjikistan
50%
Lomé Togo
50%
Sfax Tunisie
50%
Kairouan Tunisie
50%
Ankara Turquie
50%
Izmir Turquie
50%
Antalya Turquie
50%
Dniepr Ukraine
50%
Montevideo Uruguay
50%
Chengdu Chine
43%
Sidon Liban
43%
Bratislava Slovaquie
43%
Dresde Allemagne
40%
Manama Bahreïn
40%
La Paz Bolivie
40%
Porto Alegre Brésil
40%
Bujumbura Burundi
40%
Nicosie Chypre
40%
Cali Colombie
40%
Tallinn Estonie
40%
Catane Italie
40%
Karachi Pakistan
40%
Belfast Royaume-Uni
40%
Uppsala Suède
40%
Kharkiv Ukraine
40%
Le Cap Afrique du Sud
33%
Constantine Algérie
33%
Djeddah Arabie saoudite
33%
Rosario Argentine
33%
Linz Autriche
33%
Charleroi Belgique
33%
Naypyidaw Birmanie
33%
Fortaleza Brésil
33%
Curitiba Brésil
33%
Bandar Seri Begawan Brunei
33%
Macao Chine
33%
Jeju Corée du Sud
33%
Suva Fidji
33%
Reykjavik Islande
33%
Kyoto Japon
33%
Sendai Japon
33%
Sikasso Mali
33%
Palikir Micronésie
33%
Managua Nicaragua
33%
Lagos Nigeria
33%
Tashkent Ouzbékistan
33%
Faisalabad Pakistan
33%
Port Moresby Papouasie-Nouvelle-Guinée
33%
Braga Portugal
33%
Košice Slovaquie
33%
Djouba Soudan du Sud
33%
Bizerte Tunisie
33%
Maracaibo Venezuela
33%
Hanoï Viêt Nam
33%
Harare Zimbabwe
33%
Abidjan Côte d'Ivoire
29%
Monrovia Liberia
29%
Banja Luka Bosnie-Herzégovine
25%
Varna Bulgarie
25%
Ouagadougou Burkina Faso
25%
Dongguan Chine
25%
Medellín Colombie
25%
San José Costa Rica/États-Unis
25%
Roseau Dominique
25%
Dire Dawa Éthiopie
25%
Port Louis Île Maurice
25%
Haïfa Israël
25%
Noursoultan Kazakhstan
25%
Vaduz Liechtenstein
25%
Monterrey Mexique
25%
Kano Nigeria
25%
Ibadan Nigeria
25%
Almere Pays-Bas
25%
Kananga R.D. Congo
25%
Coventry Royaume-Uni
25%
Hargeisa Somalie
25%
Omdourman Soudan
25%
Colombo Sri Lanka
25%
Dodoma Tanzanie
25%
Dili Timor oriental
25%
Bursa Turquie
25%
Funafuti Tuvalu
25%
Lviv Ukraine
25%
Sana'a Yémen
25%
Manaus Brésil
20%
Moroni Comores
20%
Adama Éthiopie
20%
Agra Inde
20%
Bassorah Irak
20%
Malé Maldives
20%
Groningue Pays-Bas
20%
Apia Samoa
20%
Lusaka Zambie
20%
Benin City Nigeria
17%
Chennai Inde
14%
Louhansk Ukraine
14%
Hérat Afghanistan
0%
Oran Algérie
0%
Nuremberg Allemagne
0%
Huambo Angola
0%
Saint-John's Antigua-et-Barbuda
0%
Melbourne Australie
0%
Perth Australie
0%
Chittagong Bangladesh
0%
Bridgetown Barbade
0%
Belize City Belize
0%
Belmopan Belize
0%
Cotonou Bénin
0%
Abomey-Calavi Bénin
0%
Porto-Novo Bénin
0%
Thimphou Bhoutan
0%
Mandalay Birmanie
0%
Santa Cruz de la Sierra Bolivie
0%
Gaborone Botswana
0%
Recife Brésil
0%
Plovdiv Bulgarie
0%
Gitega Burundi
0%
Phnom Penh Cambodge
0%
Edmonton Canada
0%
Praia Cap-Vert
0%
Shenzen Chine
0%
Foshan Chine
0%
Barranquilla Colombie
0%
Hamhung Corée du Nord
0%
Busan Corée du Sud
0%
Incheon Corée du Sud
0%
Rijeka Croatie
0%
La Havane Cuba
0%
Odense Danemark
0%
Åarhus Danemark
0%
Abou Dabi Émirats arabes unis
0%
Guayaquil Équateur
0%
Asmara Érythrée
0%
Barcelone Espagne
0%
Boston États-Unis
0%
Phoenix États-Unis
0%
Montpellier France
0%
Port-Gentil Gabon
0%
Kumasi Ghana
0%
Saint-George Grenade
0%
Tegucigalpa Honduras
0%
Debrecen Hongrie
0%
Majuro Îles Marshall
0%
Mechhed Iran
0%
Amman Jordanie
0%
Almaty Kazakhstan
0%
Mombasa Kenya
0%
Tarawa Kiribati
0%
Vientiane Laos
0%
Tyr Liban
0%
Benghazi Libye
0%
Lilongwe Malawi
0%
La Valette Malte
0%
Nouakchott Mauritanie
0%
Cancún Mexique
0%
Chișinău Moldavie
0%
Windhoek Namibie
0%
Kaduna Nigeria
0%
Bergen Norvège
0%
Auckland Nouvelle-Zélande
0%
Sib Oman
0%
Mascate Oman
0%
Kampala Ouganda
0%
Samarcande Ouzbékistan
0%
Ngerulmud Palaos
0%
Trujillo Pérou
0%
Arequipa Pérou
0%
Quezon City Philippines
0%
Lubumbashi R.D. Congo
0%
Mbuji-Mbayi R.D. Congo
0%
Bangui République centrafricaine
0%
Pointe Noire République du Congo
0%
Cluj-Napoca Roumanie
0%
Kaliningrad Russie
0%
Basseterre (capitale) Saint-Christophe-et-Niévès
0%
Bahri Soudan
0%
Sri Jayawardenapura Kotte SriLanka
0%
Dar es Salaam Tanzanie
0%
Mwanza Tanzanie
0%
Nuku'alofa Tonga
0%
Chaguanas Trinité-et-Tobago
0%
Tunis Tunisie
0%
Ciudad de la Costa Uruguay
0%
Port-Vila Vanuatu
0%
Aucun quiz correspondant
Distribution des résultats
% des personnes avec chaque résultat
Percentile par nombre de réponses
Votre historique - résultats
Vous n’avez pas pris ce quiz